000 00463nam a2200193Ia 4500
008 240510s9999 xx 000 0 und d
020 _a0000138545472
041 _aEng
082 _a004.21
082 _bG15
100 _aGANE, C. & SARSON. T
245 0 _aStructured systems analysis: tools and techniques
260 _bNew Jersy : Prentice-Hall
260 _c1979
300 _a241 p.
650 _asystems analysis
942 _2ddc
942 _cLBK
999 _c24812
_d24812
945 _a1
_bMadushi Gamage
_c1
_dMadushi Gamage